| 000 | 01862nam0a2200385 4500 | ||
|---|---|---|---|
| 001 | RU\NLR\bibl\214241 | ||
| 005 | 20260406025957.0 | ||
| 010 |
_a5-225-04469-7 _95000 |
||
| 021 |
_aRU _b2001-26659 _91272 |
||
| 035 | _a(NLR Aleph) 000210389 | ||
| 090 |
_a1221111 _c1221111 |
||
| 100 | _a20010907d2001 |||y0rusy50 ca | ||
| 101 | 0 | _arus | |
| 102 | _aRU | ||
| 105 | _aa ||||||||| | ||
| 200 | 1 |
_aИзбранные лекции по клинической ревматологии _eУчеб. пособие для слушателей ин-тов и фак. последиплом. образования _f[Агабабова Э. Р. и др.] _gПод ред. В. А. Насоновой, Н. В. Бунчука |
|
| 210 |
_aМ. _cМедицина _d2001 |
||
| 215 |
_a270 с., [2] л. ил. _cил. _d22 |
||
| 225 | 1 | _aУчебная литература для слушателей институтов и факультетов последипломного образования | |
| 606 | 0 |
_aКлиническая ревматология _jРуководства, пособия и т.п. _91656061 _3RU\NLR\auth\66733293 |
|
| 606 | 0 |
_aКлиническая ревматология _jУчебные издания _91656061 _3RU\NLR\auth\66733293 |
|
| 610 | 0 | _aРевматология клиническая | |
| 675 |
_a616-002.77(075.8) _v3 _zrus |
||
| 686 |
_a76.03 _2rugasnti |
||
| 686 |
_a55.5я73 _2rubbk |
||
| 686 | _aР55я77 | ||
| 701 | 1 |
_aАгабабова _gЭльза Романовна _4070 |
|
| 702 | 1 |
_4340 _7ca _8rus _aНасонова _bВ. А. _cд-р мед. наук _f1923-2011 _gВалентина Александровна _9110425 _3RU\NLR\AUTH\77370 |
|
| 801 | 0 |
_aRU _bRKP _c20010907 _gPSBO |
|
| 801 | 1 |
_aRU _bRKP _c20010907 |
|
| 801 | 2 |
_aRU _bNLR _c20050829 _grcr |
|
| 942 | _cBOOK | ||
| 980 | _aNB | ||